[Rezension von: Korell, Jürgen, 1956-, Polizeiskandal - Skandalpolizei]

Guardado en:  
Detalles Bibliográficos
Autor principal: Behr, Rafael 1958- (Autor)
Otros Autores: Korell, Jürgen 1956- (Antecedente bibliográfico) ; Liebel, Urban 1965- (Antecedente bibliográfico)
Tipo de documento: Print Revisar
Lenguaje:Alemán
Publicado: 2002
En: Kriminologisches Journal
Año: 2002, Volumen: 34, Número: 3, Páginas: 224-226
Verificar disponibilidad: HBZ Gateway
Palabras clave:

MARC

LEADER 00000naa a2200000 c 4500
001 1942683081
003 DE-627
005 20251127100550.0
007 tu
008 251127s2002 xx ||||| o 00| ||ger c
035 |a (DE-627)1942683081 
035 |a (DE-599)KXP1942683081 
040 |a DE-627  |b ger  |c DE-627  |e rda 
041 |a ger 
084 |a 2,1  |2 ssgn 
100 1 |a Behr, Rafael  |d 1958-  |e VerfasserIn  |0 (DE-588)121994392  |0 (DE-627)081669488  |0 (DE-576)171498437  |4 aut 
109 |a Behr, Rafael 1958- 
245 1 0 |a [Rezension von: Korell, Jürgen, 1956-, Polizeiskandal - Skandalpolizei]  |c Rafael Behr, Frankfurt/M. 
264 1 |c 2002 
336 |a Text  |b txt  |2 rdacontent 
337 |a ohne Hilfsmittel zu benutzen  |b n  |2 rdamedia 
338 |a Band  |b nc  |2 rdacarrier 
655 7 |a Rezension  |0 (DE-588)4049712-4  |0 (DE-627)106186019  |0 (DE-576)209083166  |2 gnd-content 
700 1 |a Korell, Jürgen  |d 1956-  |e VerfasserIn des Bezugswerks  |0 (DE-588)12254532X  |0 (DE-627)70594672X  |0 (DE-576)293316597  |4 ant 
700 1 |a Liebel, Urban  |d 1965-  |e VerfasserIn des Bezugswerks  |0 (DE-588)122545346  |0 (DE-627)705946754  |0 (DE-576)293316619  |4 ant 
773 0 8 |i Enthalten in  |t Kriminologisches Journal  |d Weinheim : Beltz Juventa, 1969  |g 34(2002), 3, Seite 224-226  |w (DE-627)130092207  |w (DE-600)500591-7  |w (DE-576)018208223  |x 0341-1966  |7 nnas 
773 1 8 |g volume:34  |g year:2002  |g number:3  |g pages:224-226 
787 0 8 |i Rezension von  |a Korell, Jürgen, 1956 -   |t Polizeiskandal - Skandalpolizei  |b 1. Aufl.  |d Münster : Westfälisches Dampfboot, 2000  |h 175 S  |w (DE-627)321762150  |w (DE-576)087861992  |z 3896914928 
951 |a AR 
ELC |b 1 
LOK |0 000 xxxxxcx a22 zn 4500 
LOK |0 001 4814756364 
LOK |0 003 DE-627 
LOK |0 004 1942683081 
LOK |0 005 20251127100550 
LOK |0 008 251127||||||||||||||||ger||||||| 
LOK |0 040   |a DE-2619  |c DE-627  |d DE-2619 
LOK |0 092   |o n 
LOK |0 852   |a DE-2619 
LOK |0 852 1  |9 00 
LOK |0 939   |a 27-11-25  |b l01 
ORI |a SA-MARC-krimdoka001.raw